000 00938nas a2200301 454500
001 IICA0700833
003 BR-BrBNA
005 20260323111540.0
007 ta
008 260323b bl.|||p| |||| 00| 00por d
040 _aBR-BrBNA
_bpor
_cBiblioteca Nacional de Agricultura
041 _a(Es)
072 _aP33
100 1 _aCanessa, J.
100 1 _aSancho, F.
100 1 _aAlvarado, A.
245 1 _aRetención de fosfatos en Andepts de Costa Rica. I. Relaciones entre la retención de fosfatos, el pH, en NaF y el aluminio activo
300 _av. 36(4) p. 431-438
650 _aSOLO
650 _aFOSFORO
650 _aELEMENTO QUIMICO
650 _aDISPONIBILIDADE DE NUTRIENTE
650 _aANALISE DO SOLO
650 _aPROPRIEDADE FISICO-QUIMICA
773 0 _tTURRIALBA (IICA)
_X0041-4360
_g(Oct-Dec 1986), v. 36(4) p. 431-438
_wIICA0700833
909 _a202603
_bLúcia
_c55
_dLúcia Elande
942 _2IICA
_n0
_cANA
999 _c340824
_d340824